000 00280nam a22001337a 4500
008 210507b ||||| |||| 00| 0 eng d
041 _aeng
080 _a316
082 _a316
100 _a50
101 _aSOC
245 _aPrimitive Rebels
_cE.J. Hobsbawm
942 _2udc
_cBK
999 _c57135
_d57135